| LEADER 00000nam 2200000uu 4500 |
| 001 211317 |
| 003 ULIBM |
| 008 160923s||||||||th 000 0 tha d |
| 020 ^a978-0-7295-4175-6
|
| 060 0 ^aWA30 M168c 2015
|
| 100 0 ^aMcMurray,Anne
|
| 245 00 ^aCommunity health and wellness:^bprimary health care practice/^cAnne McMurray,Jill clendon.
|
| 250 ^a5th ed.
|
| 260 ^aSydney:^bChurchill Livingstone/Elsevier,^c2015.
|
| 300 ^axxi,565 p.:^bill;^c28 cm.
|
| 650 0 ^aCommunity health services
|
| 650 0 ^aCommunity Medicine
|
| 650 0 ^aHealth promotion
|
| 650 0 ^aPrimary health care
|
| 700 0 ^aClendon,Jill,author
|
| 999 ^aใช้งานได้ทุกระบบ
|